LDR 01020naa#a2200169#i#450# 001 RU\\bibl\19927 005 20260701071934.3 100 ## _a20260630b2026####ek#y0rusy0150####ca 102 ## _aRU 200 1# _aАРХИТЕКТУРА НУЛЕВОГО ДОВЕРИЯ: ТРАНСФОРМАЦИЯ ПАРАДИГМЫ ИНФОРМАЦИОННОЙ БЕЗОПАСНОСТИ И ЕЁ АДАПТАЦИЯ К РОССИЙСКОЙ НОРМАТИВНО-ТЕХНИЧЕСКОЙ СРЕДЕ _eСтатья/тезисы конференции 210 1# _aВоронеж _cВоронежский государственный лесотехнический университет имени Г.Ф. Морозова _d2026 215 ## _a6 с. 608 ## _aСтатья/тезисы конференции _2local 675 ## _aБезопасность, защищённость данных. 004.056 _aПрименения компьютерных сетей. 004.77 _z 700 #1 _aВолкова _gС. Н. 700 #1 _aОрлова _gД. Е. 856 4# _abibl.vgltu.ru _u